00368nam a2200145Ia 4500008004100000082001300041100001500054245004700069250000800116260003300124300001100157500002400168650001400192700001600206230524s9999 xx 000 0 und d a540bBHA aS.K.Bhasin 0aLaboratory Manual on Engineering Chemistry aIST aNEW DELHIbDhanpat Raic2008 aXI;352 aQuantity Number: 3 aChemistry a Sudha Rani